Statistics for First Countries to Open McDonald's Resaurants

Click here to take the quiz!

General Stats

  • This quiz has been taken 155 times
  • The average score is 15 of 20

Answer Stats

DateCountry% Correct
May 16, 1940United States
100%
June 3, 1967Canada
96%
June 30, 1972France
96%
November 13, 1974United Kingdom
96%
November 22, 1971Germany
95%
July 21, 1971Japan
90%
February 13, 1979Brazil
83%
May 30, 1971Australia
81%
May 9, 1977Ireland
80%
August 21, 1971Netherlands
78%
October 27, 1973Sweden
75%
June 7, 1976New Zealand
73%
March 21, 1978Belgium
71%
October 20, 1976Switzerland
70%
July 21, 1977Austria
65%
September 1, 1971Panama
51%
August 4, 1975Bahamas
48%
December 8, 1970Costa Rica
46%
June 6, 1974Guatemala
43%
July 20, 1972El Salvador
35%

Score Distribution

Percentile by Number Answered

Percent of People with Each Score

Your Score History

You have not taken this quiz